[Event "Open Ouest 2016/2017"]
[Site "Vitrolles"]
[Date "2016.10.01"]
[Round "1"]
[White "Muhajiz, Gibran"]
[Black "Benoit-Lizon, Alain"]
[Result "1-0"]
[WhiteElo "1743"]
[BlackElo "1399"]
[PlyCount "55"]

1. e4 e5 2. Nf3 Nc6 3. Bc4 Nf6 4. d3 Bc5 5. O-O h6 6. c3 d6 7. a4 a6 8. b4 Ba7
9. Ba3 Bg4 10. Nbd2 O-O 11. h3 Bh5 12. Nb3 d5 13. exd5 e4 14. dxc6 exf3 15. g3
bxc6 16. Bxa6 Qd7 17. Kh2 Bg4 18. d4 Bxh3 19. Qxf3 Bxf1 20. Rxf1 Ng4+ 21. Kg1
h5 22. Bb7 Rab8 23. Bxc6 Qe6 24. Bd5 Qg6 25. Na5 Rb6 26. Nc6 Bb8 27. Ne7+ Kh7
28. Nxg6 1-0

[Event "Open Ouest 2016/2017"]
[Site "Vitrolles"]
[Date "2016.10.01"]
[Round "1"]
[White "Coquet, Bruno"]
[Black "Quet, Jean-Francois"]
[Result "0-1"]
[WhiteElo "1399"]
[BlackElo "1694"]
[PlyCount "78"]

1. e4 c6 2. d4 d5 3. e5 Bf5 4. Bd3 Bxd3 5. Qxd3 e6 6. Nc3 Nd7 7. Bd2 Ne7 8. g4
a6 9. Na4 Ng6 10. Nf3 Be7 11. O-O-O b5 12. Nc5 Bxc5 13. dxc5 Ngxe5 14. Nxe5
Nxe5 15. Qg3 Nc4 16. Bc3 O-O 17. b3 Na5 18. Qe5 f6 19. Qxe6+ Kh8 20. b4 Re8 21.
Qf5 Nc4 22. h4 Ra7 23. g5 Rf7 24. g6 Rff8 25. gxh7 Qc7 26. h5 Re4 27. Kb1 Qf4
28. Qxf4 Rxf4 29. Bd4 Kxh7 30. c3 Ne5 31. Rde1 Rf5 32. Be3 Nf3 33. Re2 Re8 34.
Rc2 Re4 35. Bc1 d4 36. cxd4 Rxd4 37. Re2 Rxb4+ 38. Ka1 Nd4 39. Rh3 Nxe2 0-1

[Event "Open Ouest 2016/2017"]
[Site "Vitrolles"]
[Date "2016.10.01"]
[Round "1"]
[White "Jullien, Patrick"]
[Black "Martinot, Herve"]
[Result "1-0"]
[WhiteElo "1609"]
[BlackElo "1399"]
[PlyCount "85"]

1. e4 e5 2. Nf3 Nc6 3. Bb5 Bd6 4. O-O Nf6 5. Nc3 O-O 6. d4 Re8 7. Bg5 h6 8. Bh4
a6 9. Ba4 Rb8 10. Re1 b5 11. Bb3 a5 12. a3 a4 13. Ba2 b4 14. Nd5 g5 15. Nxg5
Nxd4 16. Nxf7 Kxf7 17. Bxf6 Be7 18. Qh5+ Ke6 19. Qxe5+ Kf7 20. Qxd4 Bxf6 21.
Nxf6+ d5 22. Bxd5+ Be6 23. Nxe8 Qxe8 24. Bxe6+ Qxe6 25. Qd5 bxa3 26. Qxe6+ Kxe6
27. Rxa3 Rxb2 28. Rc1 Rb4 29. f3 Ke5 30. Kf2 Kf4 31. g3+ Ke5 32. Ke3 c5 33. Kd3
c4+ 34. Kc3 Rb3+ 35. cxb3 axb3 36. Kxc4 b2 37. Rb1 h5 38. Rxb2 h4 39. Rb5+ Kd6
40. Ra6+ Kc7 41. Rh5 Kb7 42. Rg6 hxg3 43. Rh7+ 1-0

[Event "Open Ouest 2016/2017"]
[Site "Vitrolles"]
[Date "2016.10.01"]
[Round "1"]
[White "Estevez, Ange"]
[Black "Pau, Gerard"]
[Result "1-0"]
[WhiteElo "1509"]
[BlackElo "1399"]
[PlyCount "53"]

1. e4 e5 2. Nf3 Nc6 3. Bc4 h6 4. c3 d6 5. d4 Bg4 6. Qb3 Bh5 7. Qxb7 Na5 8. Bb5+
c6 9. Bxc6+ Nxc6 10. Qxc6+ Ke7 11. Be3 Nf6 12. dxe5 Ne8 13. exd6+ Nxd6 14. e5
Nf5 15. Bc5+ Nd6 16. Bxd6+ Qxd6 17. exd6+ Ke6 18. Qxa8 Kxd6 19. Nbd2 g6 20.
O-O-O Bg7 21. Qxa7 Ke6 22. Rhe1+ Kf6 23. Qa6+ Kf5 24. Nh4+ Kg5 25. Ndf3+ Kf4
26. Qc4+ Bd4 27. Qxd4# 1-0

[Event "Open Ouest 2016/2017"]
[Site "Vitrolles"]
[Date "2016.10.01"]
[Round "1"]
[White "Chabaud, Philippe"]
[Black "Reymond, Jean-Francois"]
[Result "1-0"]
[WhiteElo "1349"]
[BlackElo "1487"]
[PlyCount "47"]

1. d4 d5 2. c4 e6 3. Nf3 Nd7 4. Bf4 Ngf6 5. Nbd2 Be7 6. a3 c6 7. e3 a5 8. Bd3
O-O 9. Qc2 c5 10. O-O b6 11. Rfe1 Bb7 12. Ne5 Re8 13. Rad1 Nf8 14. Ndf3 Nh5 15.
cxd5 Ba6 16. Bxa6 Rxa6 17. Qc4 Ra8 18. dxe6 Nxe6 19. dxc5 Qc8 20. c6 Ra7 21.
Qb3 f6 22. Rd7 Rc7 23. Rxc7 Qxc7 24. Qxe6+ 1-0

[Event "Open Ouest 2016/2017"]
[Site "Vitrolles"]
[Date "2016.10.01"]
[Round "1"]
[White "Blondelon, Remi"]
[Black "Porte, Jacques"]
[Result "0-1"]
[WhiteElo "1446"]
[BlackElo "1335"]
[PlyCount "86"]

1. d4 d5 2. Nf3 Nf6 3. Bg5 e6 4. e3 Be7 5. Bd3 Nbd7 6. Nbd2 c6 7. O-O Qc7 8.
Re1 Bd6 9. e4 dxe4 10. Nxe4 Nxe4 11. Rxe4 Nf6 12. Rh4 Bd7 13. Qd2 O-O-O 14.
Bxf6 gxf6 15. Rxh7 Rxh7 16. Bxh7 Bf4 17. Qd3 f5 18. g3 Bh6 19. Ne5 Be8 20. Bxf5
exf5 21. Qxf5+ Kb8 22. c3 Bg7 23. Re1 a5 24. Ng4 Bd7 25. Qg5 Bf8 26. Nf6 Be6
27. h4 b6 28. h5 Be7 29. Qg7 Qc8 30. h6 Bf8 31. Qg5 Be7 32. Qf4+ Kb7 33. h7
Bxf6 34. Qxf6 Rh8 35. Qh4 Qf8 36. Re5 Qg7 37. Qe7+ Ka6 38. Qd6 Qxh7 39. Qxc6
Qh2+ 40. Kf1 Rc8 41. Qb5+ Ka7 42. Rh5 Bh3+ 43. Ke2 Bg4+ 0-1

[Event "Open Ouest 2016/2017"]
[Site "Vitrolles"]
[Date "2016.10.01"]
[Round "1"]
[White "Blondelon, Claude"]
[Black "Cens, Alain"]
[Result "0-1"]
[WhiteElo "1297"]
[BlackElo "1474"]
[PlyCount "82"]

1. d4 Nf6 2. c4 c5 3. d5 b5 4. e3 g6 5. Nf3 Bg7 6. Be2 Qa5+ 7. Nbd2 bxc4 8.
Bxc4 d6 9. O-O O-O 10. Qc2 Nbd7 11. Re1 Bb7 12. e4 Ng4 13. Nf1 Rab8 14. Bd2 Qc7
15. Bc3 Nge5 16. Be2 Nxf3+ 17. Bxf3 Ne5 18. Be2 Qb6 19. Rab1 f5 20. Qd2 a6 21.
Ng3 f4 22. Nf1 f3 23. Bxe5 fxe2 24. Bxg7 exf1=Q+ 25. Rxf1 Kxg7 26. Qe3 a5 27.
a3 Ba6 28. Rfe1 c4 29. Qc3+ Kg8 30. Re2 Qb3 31. Qe1 Qb6 32. Re3 Qc5 33. f3 Rb3
34. Kf2 Rfb8 35. Qc1 Qxe3+ 36. Qxe3 Rxe3 37. Kxe3 Rb3+ 38. Kd2 g5 39. Kc1 Kf7
40. Kd1 Kf6 41. Kc1 Ke5 0-1

[Event "Open Ouest 2016/2017"]
[Site "Vitrolles"]
[Date "2016.10.01"]
[Round "1"]
[White "Maccagno, Gilbert"]
[Black "Misene, Milan"]
[Result "1-0"]
[WhiteElo "1351"]
[BlackElo "1347"]
[PlyCount "73"]

1. e4 e5 2. Nf3 Nc6 3. Bc4 Be7 4. c3 Nf6 5. d3 d5 6. exd5 Nxd5 7. h3 a6 8. O-O
b5 9. Bb3 O-O 10. Bc2 Nf6 11. Bg5 Nd7 12. Bxe7 Qxe7 13. Nbd2 Nf6 14. Ng5 h6 15.
Nge4 Bb7 16. Nxf6+ Qxf6 17. Ne4 Qe7 18. b4 a5 19. Nc5 Bc8 20. a3 a4 21. Qf3 Rb8
22. Qxc6 Rb6 23. Qf3 Rf6 24. Qe3 Rd8 25. Rae1 Qe8 26. d4 Qc6 27. Be4 Qe8 28.
dxe5 Rg6 29. Bxg6 fxg6 30. Rd1 Kh7 31. Rd4 Qe7 32. Rfd1 Rxd4 33. Rxd4 c6 34. e6
h5 35. Qe4 Bxe6 36. Qxe6 Qg5 37. Qe3 1-0

[Event "Open Ouest 2016/2017"]
[Site "Vitrolles"]
[Date "2016.10.15"]
[Round "2"]
[White "Cens, Alain"]
[Black "Muhajiz, Gibran"]
[Result "0-1"]
[WhiteElo "1474"]
[BlackElo "1743"]
[PlyCount "50"]

1. d4 Nf6 2. Nc3 c5 3. Nf3 cxd4 4. Nxd4 Nc6 5. e4 e5 6. Ndb5 d6 7. Bg5 a6 8.
Na3 b5 9. Nd5 Be7 10. Nxf6+ Bxf6 11. Be3 O-O 12. Qd2 Be6 13. Rd1 Qa5 14. Qxa5
Nxa5 15. Be2 b4 16. Nb1 Rfc8 17. c3 Bxa2 18. cxb4 Bxb1 19. bxa5 Bxe4 20. f3 Bc6
21. Rxd6 Be7 22. Rd1 Bb4+ 23. Bd2 Bc5 24. Bc4 e4 25. fxe4 Bxe4 0-1

[Event "Open Ouest 2016/2017"]
[Site "Vitrolles"]
[Date "2016.10.15"]
[Round "2"]
[White "Quet, Jean-Francois"]
[Black "Maccagno, Gilbert"]
[Result "1-0"]
[WhiteElo "1694"]
[BlackElo "1351"]
[PlyCount "49"]

1. e4 c5 2. Nf3 d6 3. d4 cxd4 4. Nxd4 Nf6 5. Nc3 a6 6. Be2 e6 7. Bg5 Be7 8. Qd2
O-O 9. O-O-O Qc7 10. f4 Nc6 11. Bf3 Rb8 12. Rhe1 Re8 13. g4 Nd7 14. f5 Bxg5 15.
Qxg5 Nf6 16. Qe3 Ne5 17. g5 Nfg4 18. Bxg4 Nxg4 19. Qg3 Ne5 20. f6 g6 21. Qh4
Kh8 22. Qh6 Rg8 23. Rg1 Bd7 24. Rg3 Ng4 25. Qxh7+ 1-0

[Event "Open Ouest 2016/2017"]
[Site "Vitrolles"]
[Date "2016.10.15"]
[Round "2"]
[White "Chabaud, Philippe"]
[Black "Jullien, Patrick"]
[Result "1/2-1/2"]
[WhiteElo "1349"]
[BlackElo "1609"]
[PlyCount "95"]

1. d4 Nf6 2. Bf4 g6 3. e3 Bg7 4. Nd2 d5 5. h3 O-O 6. Ngf3 Bf5 7. Be2 Nc6 8. c3
Re8 9. O-O Ne4 10. a3 e5 11. dxe5 Nxe5 12. Nxe5 Bxe5 13. Bxe5 Rxe5 14. Nf3 Re8
15. Qb3 Bc8 16. Rfd1 c6 17. c4 Qf6 18. Rac1 Be6 19. cxd5 Bxd5 20. Bc4 Bxc4 21.
Rxc4 b6 22. Qc2 Ng5 23. Nxg5 Qxg5 24. Rxc6 Red8 25. Rc7 Qf6 26. b4 a5 27. bxa5
bxa5 28. a4 Rxd1+ 29. Qxd1 Rd8 30. Qc1 Qd6 31. Qc4 Qd1+ 32. Kh2 Qd6+ 33. g3 Qf6
34. Kg2 Rd2 35. Rc8+ Kg7 36. Qf4 Qxf4 37. gxf4 Ra2 38. Rc4 h5 39. Kg3 Kf6 40.
f3 Ra3 41. Re4 Rb3 42. Re5 Ra3 43. Rxa5 Rxe3 44. h4 Ra3 45. Ra6+ Kf5 46. a5 Ra4
47. Ra7 f6 48. a6 1/2-1/2

[Event "Open Ouest 2016/2017"]
[Site "Vitrolles"]
[Date "2016.10.15"]
[Round "2"]
[White "Mars, Florence"]
[Black "Estevez, Ange"]
[Result "1/2-1/2"]
[WhiteElo "1114"]
[BlackElo "1509"]
[PlyCount "73"]

1. e4 d5 2. exd5 Nf6 3. d4 Nxd5 4. c4 Nb4 5. a3 N4c6 6. Nf3 Bg4 7. Be2 e6 8.
O-O Be7 9. Be3 O-O 10. Nc3 Bf6 11. h3 Bh5 12. Qd2 Nd7 13. Rad1 Nb6 14. d5 Bxf3
15. Bxf3 Nxc4 16. Qe2 Nxe3 17. dxc6 Nxd1 18. Rxd1 Bd4 19. cxb7 Rb8 20. Nb5 e5
21. Nxd4 exd4 22. Qd3 c5 23. Qc4 Qe7 24. b4 cxb4 25. axb4 Rfd8 26. Kf1 h6 27.
Rxd4 Rxd4 28. Qxd4 Rd8 29. Qxa7 Qxb4 30. Qa8 Qc4+ 31. Kg1 Qc1+ 32. Kh2 Qc7+ 33.
g3 Kh7 34. Be4+ g6 35. h4 h5 36. Qa2 Kg7 37. Qb2+ 1/2-1/2

[Event "Open Ouest 2016/2017"]
[Site "Vitrolles"]
[Date "2016.10.15"]
[Round "2"]
[White "Porte, Jacques"]
[Black "Reymond, Jean-Francois"]
[Result "1-0"]
[WhiteElo "1335"]
[BlackElo "1487"]
[PlyCount "51"]
[EventDate "2016.??.??"]

1. d4 d5 2. c4 Nf6 3. Nc3 Bg4 4. f3 Bh5 5. cxd5 Nxd5 6. e4 Nxc3 7. bxc3 e6 8.
Qb3 b6 9. Qb5+ Qd7 10. Qxh5 Qc6 11. Bb5 Qxb5 12. Qxb5+ c6 13. Qe2 Be7 14. d5
O-O 15. dxe6 f5 16. exf5 c5 17. Qe4 Na6 18. Qb7 Bf6 19. Ne2 Rfe8 20. Qxa6 Re7
21. Qd3 a6 22. O-O b5 23. Nf4 b4 24. Nd5 Ree8 25. Nc7 Rad8 26. Qxa6 1-0

[Event "Open Ouest 2016/2017"]
[Site "Vitrolles"]
[Date "2016.10.15"]
[Round "2"]
[White "Benoit-Lizon, Alain"]
[Black "Blondelon, Claude"]
[Result "1/2-1/2"]
[WhiteElo "1580"]
[BlackElo "1297"]
[PlyCount "78"]

1. e4 e6 2. d4 d5 3. e5 c5 4. dxc5 Bxc5 5. Qg4 Bf8 6. Bg5 Ne7 7. Nf3 Nbc6 8.
Bb5 Bd7 9. O-O Qc7 10. Re1 Ng6 11. Bxc6 bxc6 12. Nbd2 Bc5 13. Nb3 Bb6 14. c4
dxc4 15. Qxc4 c5 16. Rac1 Rc8 17. Qc3 O-O 18. h4 Bc6 19. h5 Bxf3 20. hxg6 fxg6
21. gxf3 Qf7 22. f4 Qf5 23. Qc4 Rc6 24. Qb5 Rc7 25. Nxc5 Bxc5 26. Rxc5 Rxc5 27.
Qxc5 h6 28. Be7 Qg4+ 29. Kf1 Rxf4 30. Qe3 Rf3 31. Qe4 Rf4 32. Qg2 Qf5 33. Bc5
g5 34. Bxa7 Rg4 35. Qa8+ Kh7 36. Re3 Qb1+ 37. Re1 Qd3+ 38. Re2 Qd1+ 39. Re1
Qd3+ 1/2-1/2

[Event "Open Ouest 2016/2017"]
[Site "Vitrolles"]
[Date "2016.10.15"]
[Round "2"]
[White "Martinot, Herve"]
[Black "Blondelon, Remi"]
[Result "0-1"]
[WhiteElo "1399"]
[BlackElo "1446"]
[PlyCount "64"]

1. d4 d5 2. Nf3 Nc6 3. e3 Nf6 4. h3 e6 5. Bd3 Be7 6. Nc3 b6 7. a3 Bb7 8. Bb5
O-O 9. b3 Nb8 10. Bb2 a6 11. Bd3 Nbd7 12. Qe2 c5 13. O-O Qc7 14. g3 b5 15. e4
c4 16. e5 cxd3 17. Qxd3 Ne4 18. Rfe1 Nxc3 19. Bxc3 Rac8 20. h4 Qxc3 21. Ng5
Qxd3 22. cxd3 Bxg5 23. f4 Be7 24. Kg2 Rc2+ 25. Kh3 Rfc8 26. Kg4 Rd2 27. f5
exf5+ 28. Kxf5 Rf2+ 29. Kg4 Rc6 30. Rh1 Bc8 31. Kh5 Rh6+ 32. Kg4 Nxe5# 0-1

[Event "Open Ouest 2016/2017"]
[Site "Vitrolles"]
[Date "2016.10.15"]
[Round "2"]
[White "Dufresne, Said"]
[Black "Coquet, Bruno"]
[Result "1-0"]
[WhiteElo "1443"]
[BlackElo "1399"]
[PlyCount "57"]

1. c4 c5 2. Nc3 Nf6 3. g3 e6 4. Bg2 Nc6 5. e3 Rb8 6. Nge2 Be7 7. O-O O-O 8. d4
d5 9. cxd5 exd5 10. dxc5 Be6 11. Nd4 Bxc5 12. Nxe6 fxe6 13. Na4 Qd6 14. Nxc5
Qxc5 15. a3 Rbd8 16. Bd2 d4 17. Qb3 Rd6 18. Bxc6 Qxc6 19. Bb4 Ne4 20. Bxd6 Qxd6
21. Rad1 Nxf2 22. Rxd4 Nh3+ 23. Kg2 Qc6+ 24. e4 Ng5 25. Rxf8+ Kxf8 26. Qc4 Qb6
27. Qb4+ Qxb4 28. Rxb4 e5 29. h4 1-0

[Event "Open Ouest 2016/2017"]
[Site "Vitrolles"]
[Date "2016.10.15"]
[Round "2"]
[White "Misene, Milan"]
[Black "Zajaczkowski, Danielle"]
[Result "1-0"]
[WhiteElo "1347"]
[BlackElo "1378"]
[PlyCount "39"]

1. d4 d5 2. Nf3 e6 3. Bf4 Nf6 4. e3 Bd6 5. Ne5 O-O 6. Bd3 c5 7. c3 c4 8. Bc2 b5
9. Nd2 Bb7 10. O-O a6 11. Bg5 Be7 12. f4 Nc6 13. Ndf3 Nd7 14. Bxe7 Qxe7 15.
Bxh7+ Kh8 16. Bb1 Ndxe5 17. fxe5 f6 18. Nh4 Qf7 19. Ng6+ Kg8 20. Qh5 1-0

[Event "Open Ouest 2016/2017"]
[Site "Vitrolles"]
[Date "2016.11.05"]
[Round "3"]
[White "Muhajiz, Gibran"]
[Black "Porte, Jacques"]
[Result "1-0"]
[WhiteElo "1801"]
[BlackElo "1335"]
[PlyCount "59"]

1. d4 d5 2. c4 e6 3. Nc3 Nf6 4. cxd5 exd5 5. Bg5 c6 6. Qc2 Be7 7. e3 Nbd7 8.
Nf3 Qc7 9. Bd3 O-O 10. Bxh7+ Nxh7 11. Bxe7 Re8 12. Bh4 Nb6 13. O-O Nc4 14. Nd2
Nd6 15. Nxd5 Qd7 16. Nc3 Qg4 17. Bg3 Bf5 18. Qd1 Qg6 19. Bxd6 Qxd6 20. Qf3 Bd3
21. Rfe1 Ng5 22. Qg3 Qe7 23. e4 Ba6 24. h4 Ne6 25. Nf3 Qb4 26. Rad1 Qxb2 27.
Ne5 Qb4 28. d5 Nd8 29. Ng4 Qd6 30. Qxd6 1-0

[Event "Open Ouest 2016/2017"]
[Site "Vitrolles"]
[Date "2016.11.05"]
[Round "3"]
[White "Jullien, Patrick"]
[Black "Quet, Jean-Francois"]
[Result "1-0"]
[WhiteElo "1573"]
[BlackElo "1694"]
[PlyCount "137"]

1. e4 c6 2. d4 d5 3. Nc3 dxe4 4. Nxe4 Bf5 5. Ng3 Bg6 6. Nf3 Nd7 7. h4 h6 8. h5
Bh7 9. Bd3 Bxd3 10. Qxd3 Qc7 11. Bd2 e6 12. O-O-O Ngf6 13. Rde1 O-O-O 14. Qe2
Bd6 15. Ne5 Rhf8 16. Kb1 Qb6 17. Be3 Nd5 18. Qc4 Nxe5 19. dxe5 Nxe3 20. Rxe3
Bc5 21. Rb3 Qa5 22. Ne4 Be7 23. f4 Rd5 24. Rd3 Rfd8 25. Rhd1 Qb6 26. a4 Kb8 27.
Ka2 f6 28. Nc3 Rxd3 29. Rxd3 Rxd3 30. Qxd3 Qd8 31. Qxd8+ Bxd8 32. Kb3 fxe5 33.
fxe5 Bc7 34. Ne4 Bxe5 35. Nc5 b6 36. Nxe6 c5 37. Nf8 Kc7 38. c3 Kd6 39. Kc4 Bf4
40. Ng6 Bc1 41. b4 cxb4 42. cxb4 a6 43. b5 a5 44. Kd4 Bb2+ 45. Kc4 Bf6 46. Nf8
Ke7 47. Ng6+ Ke6 48. Nf8+ Kd6 49. Ng6 Bg5 50. Kd4 Bc1 51. Nf8 Ba3 52. Kc4 Bc5
53. Ng6 Ke6 54. Nf4+ Kf5 55. Nd3 Bg1 56. Kd5 Kg5 57. Ne5 Kxh5 58. Kc6 Bd4 59.
Nc4 Kg4 60. Nxb6 Kg3 61. Nc4 Kxg2 62. b6 Bxb6 63. Kxb6 h5 64. Ne3+ Kg1 65. Nf5
g6 66. Nh4 Kf2 67. Nxg6 Kg3 68. Kxa5 Kg4 69. Kb5 1-0

[Event "Open Ouest 2016/2017"]
[Site "Vitrolles"]
[Date "2016.11.05"]
[Round "3"]
[White "Estevez, Ange"]
[Black "Chabaud, Philippe"]
[Result "1-0"]
[WhiteElo "1509"]
[BlackElo "1349"]
[PlyCount "125"]

1. e4 e6 2. d4 d5 3. Nc3 c5 4. exd5 exd5 5. dxc5 d4 6. Nce2 Bxc5 7. Nf3 Nc6 8.
a3 a5 9. Ng3 Nf6 10. Bd3 Qe7+ 11. Qe2 Qxe2+ 12. Nxe2 Bg4 13. Bf4 Bxf3 14. gxf3
Nd5 15. Bg3 O-O 16. O-O Rfe8 17. Rfe1 Rad8 18. Kf1 Ne5 19. Ng1 Nxd3 20. cxd3 h6
21. Re4 Rxe4 22. fxe4 Nf6 23. f3 Nh5 24. Ne2 Nxg3+ 25. hxg3 g5 26. Rc1 b6 27.
Rc4 Kg7 28. b4 axb4 29. axb4 Be7 30. Nxd4 Bf6 31. Nf5+ Kg6 32. d4 Ra8 33. g4
Ra1+ 34. Ke2 Ra2+ 35. Kd3 Ra3+ 36. Rc3 Rxc3+ 37. Kxc3 b5 38. e5 Bd8 39. Nd6 h5
40. gxh5+ Kxh5 41. Nxf7 Be7 42. d5 Kg6 43. Nd6 Bd8 44. Kd3 Be7 45. Ke4 Bf8 46.
Nxb5 Bxb4 47. d6 Kf7 48. Kf5 Bd2 49. Nc7 Bf4 50. e6+ Kg7 51. Nb5 Kf8 52. Kf6
Bc1 53. d7 Bb2+ 54. Kf5 Ke7 55. Nc7 Ba3 56. Nd5+ Kd8 57. Kxg5 Bc1+ 58. f4 Ba3
59. f5 Bd6 60. Kg6 Be5 61. f6 Bd6 62. Kf7 Bf8 63. e7+ 1-0

[Event "Open Ouest 2016/2017"]
[Site "Vitrolles"]
[Date "2016.11.05"]
[Round "3"]
[White "Blondelon, Remi"]
[Black "Mars, Florence"]
[Result "1-0"]
[WhiteElo "1446"]
[BlackElo "1114"]
[PlyCount "77"]

1. d4 Nf6 2. Nf3 d5 3. e3 c5 4. b3 Nc6 5. Bb2 e6 6. Nbd2 Be7 7. Bd3 O-O 8. c4
Qc7 9. dxc5 Nb4 10. Bb1 Qxc5 11. O-O dxc4 12. bxc4 Rd8 13. Qe2 b6 14. Bxf6 Bxf6
15. Ne4 Qe7 16. Nxf6+ Qxf6 17. a3 Nc6 18. Be4 Bb7 19. Qc2 g6 20. Rad1 Qe7 21.
Nd4 Nxd4 22. Rxd4 Bxe4 23. Qxe4 Qxa3 24. Rfd1 Qe7 25. g3 a5 26. Qc6 Rab8 27.
Rd7 Rxd7 28. Rxd7 Qc5 29. Qf3 Rf8 30. Qb7 Qb4 31. Rc7 a4 32. c5 Qe1+ 33. Kg2 a3
34. Qa7 Qb4 35. cxb6 Qe4+ 36. Kh3 Ra8 37. b7 Qxb7 38. Qxb7 Ra4 39. Rxf7 1-0

[Event "Open Ouest 2016/2017"]
[Site "Vitrolles"]
[Date "2016.11.05"]
[Round "3"]
[White "Maccagno, Gilbert"]
[Black "Dufresne, Said"]
[Result "1-0"]
[WhiteElo "1351"]
[BlackElo "1443"]
[PlyCount "73"]

1. e4 e6 2. Nf3 d5 3. exd5 Qxd5 4. Nc3 Qd8 5. d4 Nf6 6. Bd3 c5 7. dxc5 Bxc5 8.
O-O h6 9. h3 Bd7 10. Bf4 Bc6 11. Ne5 Qd4 12. Bg3 Bd6 13. Qe2 Qc5 14. Kh1 O-O
15. Nxc6 Nxc6 16. Ne4 Nxe4 17. Qxe4 g6 18. Bxd6 Qxd6 19. a3 Rab8 20. Rfe1 Qd4
21. Rab1 Qxf2 22. Bb5 Ne7 23. Rf1 Qc5 24. Bd3 Nf5 25. Rf3 Qc7 26. Qe1 Rbd8 27.
c3 Qe7 28. Bxf5 gxf5 29. Rxf5 Kh7 30. Qe4 Kh8 31. Rbf1 Rd7 32. Qe5+ f6 33. Rxf6
Rxf6 34. Rxf6 Kh7 35. Qe4+ Kh8 36. Rxh6+ Kg8 37. Qg4+ 1-0

[Event "Open Ouest 2016/2017"]
[Site "Vitrolles"]
[Date "2016.11.05"]
[Round "3"]
[White "Blondelon, Claude"]
[Black "Misene, Milan"]
[Result "1/2-1/2"]
[WhiteElo "1291"]
[BlackElo "1347"]
[PlyCount "61"]

1. d4 e6 2. Nf3 d5 3. e3 Nc6 4. c4 Nf6 5. Nc3 Be7 6. Bd3 dxc4 7. Bxc4 a6 8. O-O
b5 9. Bd3 h6 10. Bd2 Bb7 11. Ne4 Nxe4 12. Bxe4 Rb8 13. Rc1 Na7 14. Bxb7 Rxb7
15. Ne5 Bd6 16. Qf3 c6 17. Nxc6 Nxc6 18. Qxc6+ Rd7 19. Qxa6 O-O 20. Qxb5 Qe7
21. a4 Rb7 22. Qd3 Rxb2 23. Rb1 Rxb1 24. Rxb1 Ra8 25. a5 Qc7 26. g3 Qd8 27. Rb3
Bc7 28. Rb5 Bxa5 29. Bxa5 Rxa5 30. Rxa5 Qxa5 31. Qb1 1/2-1/2

[Event "Open Ouest 2016/2017"]
[Site "Vitrolles"]
[Date "2016.11.05"]
[Round "3"]
[White "Martinot, Herve"]
[Black "Cens, Alain"]
[Result "0-1"]
[WhiteElo "1399"]
[BlackElo "1446"]
[PlyCount "74"]

1. d4 Nf6 2. e3 d5 3. c4 c6 4. Nd2 e6 5. Ngf3 Be7 6. Bd3 O-O 7. O-O Nbd7 8. b3
Re8 9. Bb2 b6 10. a4 a5 11. Re1 Nf8 12. Qe2 Bb4 13. e4 dxe4 14. Nxe4 N8d7 15.
Bc3 Bxc3 16. Nxc3 Bb7 17. Ng5 c5 18. Bxh7+ Nxh7 19. Nxh7 Kxh7 20. Nb5 Qg5 21.
f3 cxd4 22. Nxd4 Rad8 23. Rad1 Nc5 24. Qc2+ Qg6 25. Qxg6+ Kxg6 26. Re5 Nxb3 27.
Re4 Bxe4 28. fxe4 Rxd4 29. Rxd4 Nxd4 30. c5 bxc5 31. g4 Rb8 32. h4 Rb2 33. h5+
Kg5 34. Kf1 Re2 35. h6 gxh6 36. e5 c4 37. Kg1 c3 0-1

[Event "Open Ouest 2016/2017"]
[Site "Vitrolles"]
[Date "2016.11.05"]
[Round "3"]
[White "Coquet, Bruno"]
[Black "Benoit-Lizon, Alain"]
[Result "0-1"]
[WhiteElo "1399"]
[BlackElo "1580"]
[PlyCount "40"]

1. e4 e5 2. Nf3 Nc6 3. Nc3 Bc5 4. Be2 Nf6 5. O-O d5 6. Nxe5 Nxe5 7. d4 Bd6 8.
dxe5 Bxe5 9. Nxd5 Nxe4 10. c3 c6 11. Bc4 cxd5 12. Bxd5 Qh4 13. h3 Bxh3 14. Bxe4
Bxg2 15. f3 Qh2+ 16. Kf2 Bh1+ 17. Ke3 Bf4+ 18. Kd3 Rd8+ 19. Kc4 Rxd1 20. Bxf4
Qe2+ 0-1

[Event "Open Ouest 2016/2017"]
[Site "Vitrolles"]
[Date "2016.11.05"]
[Round "3"]
[White "Reymond, Jean-Francois"]
[Black "Zajaczkowski, Danielle"]
[Result "1-0"]
[WhiteElo "1487"]
[BlackElo "1378"]
[PlyCount "57"]

1. e4 e5 2. f4 d6 3. Nf3 Nc6 4. c3 Nf6 5. d3 Be7 6. Be2 O-O 7. O-O Bd7 8. Na3
Rb8 9. Nc2 a6 10. f5 g6 11. Bh6 Re8 12. h3 Nh5 13. Nh2 Ng3 14. Rf3 Nxe2+ 15.
Qxe2 Bg5 16. Ng4 Kh8 17. Raf1 Bxh6 18. Nxh6 Rf8 19. f6 Qe8 20. Ne3 Rc8 21. Qf2
Be6 22. b3 Nd8 23. Qg3 c6 24. Nef5 Qd7 25. Qh4 c5 26. Ne7 Rb8 27. Nhf5 h5 28.
Qg5 Bxf5 29. Qh6# 1-0

[Event "Open Ouest 2016/2017"]
[Site "Vitrolles"]
[Date "2016.12"]
[Round "4"]
[White "Estevez, Ange"]
[Black "Muhajiz, Gibran"]
[Result "0-1"]
[WhiteElo "1509"]
[BlackElo "1801"]
[PlyCount "102"]

1. e4 c5 2. Nf3 Nc6 3. c3 Nf6 4. d3 e6 5. g3 Be7 6. Bg2 O-O 7. O-O Rb8 8. a4 e5
9. Nbd2 a6 10. Nc4 d6 11. Ne3 b5 12. axb5 axb5 13. Bd2 b4 14. c4 Bd7 15. b3 Ra8
16. Nd5 Bg4 17. Rxa8 Qxa8 18. Nxe7+ Nxe7 19. Qa1 Qa3 20. Qxa3 bxa3 21. Ra1 Bxf3
22. Bxf3 Ra8 23. Bc1 a2 24. Bb2 Nc6 25. Bc3 Nb4 26. Bxb4 cxb4 27. Bd1 Nd7 28.
Bc2 Nc5 29. Kf1 Ra3 30. Ke2 Rxb3 31. Rxa2 Ra3 32. Rxa3 bxa3 33. Bb1 Nb3 34. Kd1
Nd4 35. h4 Nb3 36. Ba2 Nc5 37. Kd2 Kf8 38. Kc3 Ke7 39. Bb1 Kf6 40. Kb4 Nxd3+
41. Kxa3 Nxf2 42. Kb4 Ke7 43. Kb5 h5 44. c5 dxc5 45. Kxc5 Nh1 46. Kd5 f6 47.
Bc2 Nxg3 48. Bd1 g6 49. Bf3 Nf1 50. Be2 Ne3+ 51. Kc6 Ng2 0-1

[Event "Open Ouest 2016/2017"]
[Site "Vitrolles"]
[Date "2016.12"]
[Round "4"]
[White "Cens, Alain"]
[Black "Jullien, Patrick"]
[Result "0-1"]
[WhiteElo "1446"]
[BlackElo "1573"]
[PlyCount "54"]

1. d4 Nf6 2. f3 d5 3. e4 dxe4 4. Nc3 e5 5. Qe2 exd4 6. Nxe4 Nxe4 7. fxe4 Be7 8.
Nf3 Nc6 9. Bd2 Be6 10. O-O-O Bxa2 11. Bc3 dxc3 12. Rxd8+ Rxd8 13. Qe3 Rd1+ 14.
Kxd1 cxb2 15. Nd2 O-O 16. Bd3 Bb4 17. c3 Bxc3 18. Nb1 Be5 19. Qc5 Rd8 20. Ke2
Nd4+ 21. Ke3 Nc6 22. Bc4 Bd4+ 23. Qxd4 Nxd4 24. Bxa2 Nc2+ 25. Kf3 Kf8 26. Rf1
Nb4 27. Bb3 Rd3+ 0-1

[Event "Open Ouest 2016/2017"]
[Site "Vitrolles"]
[Date "2016.12"]
[Round "4"]
[White "Quet, Jean-Francois"]
[Black "Blondelon, Remi"]
[Result "1-0"]
[WhiteElo "1694"]
[BlackElo "1446"]
[PlyCount "153"]

1. e4 c5 2. Nf3 Nc6 3. c3 e6 4. d4 cxd4 5. cxd4 Nf6 6. Nc3 Bb4 7. Bd3 d6 8. O-O
e5 9. Nd5 Ba5 10. Bg5 Be6 11. Nxf6+ gxf6 12. Be3 exd4 13. Nxd4 Ne5 14. Be2 Bc7
15. Nxe6 fxe6 16. f4 Nf7 17. Bh5 Bb6 18. Qa4+ Ke7 19. Rae1 Rf8 20. Qb3 Bxe3+
21. Rxe3 Qb6 22. Qxb6 axb6 23. a3 Ra5 24. g4 Rg8 25. Kh1 Rc5 26. h4 h6 27. g5
hxg5 28. Bxf7 Kxf7 29. fxg5 f5 30. exf5 Rxf5 31. Rxf5+ exf5 32. Kg2 Rc8 33. Kg3
Rc4 34. Rb3 Rc6 35. h5 Rc4 36. g6+ Ke6 37. Rxb6 Rg4+ 38. Kh3 Rg5 39. Rxb7 Rxh5+
40. Kg3 Rg5+ 41. Kf3 Rxg6 42. b4 Rg4 43. a4 Kd5 44. a5 Rg8 45. Rb5+ Kc4 46. Rb7
Ra8 47. Kf4 d5 48. Kxf5 d4 49. Ke4 Re8+ 50. Kf3 Re3+ 51. Kf2 Ra3 52. Rb6 d3 53.
a6 Ra2+ 54. Ke1 Kc3 55. b5 Ra1+ 56. Kf2 d2 57. Rd6 Kb4 58. b6 Kc5 59. b7 Rxa6
60. b8=Q Rxd6 61. Qa7+ Kc6 62. Qa4+ Kc7 63. Qc2+ Kd7 64. Qh7+ Ke6 65. Qg8+ Kf6
66. Qf8+ Ke6 67. Qc8+ Kf6 68. Qc3+ Ke6 69. Qb3+ Kd7 70. Qd1 Kc7 71. Ke2 Rd7 72.
Kf3 Rd6 73. Ke4 Rd7 74. Ke5 Kd8 75. Ke6 Rd4 76. Qb3 d1=Q 77. Qb8# 1-0